| 000 | 01493nam a2200481 i 4500 | ||
|---|---|---|---|
| 001 | 44840 | ||
| 003 | KOSZ 005 | ||
| 005 | 20220427142709.0 | ||
| 008 | 050128s2004 pl a |000 0 pol | ||
| 015 | _aUWD 2005/1777 | ||
| 020 | _a8372052042 | ||
| 035 | _a991025946699705066 | ||
| 035 | _a(PL-WaBN)b1706207x-48omnis_nlop | ||
| 035 | _ab1706207x | ||
| 035 | _a(OCoLC)749357527 | ||
| 035 | _azz2004887676 | ||
| 035 | _a(PL)b0000001706207 | ||
| 035 | _a(EXLNZ-48OMNIS_NETWORK)9910488865805606 | ||
| 040 |
_aWA N _cWA N _dKOSZ 005/HR |
||
| 041 | 0 | _apol | |
| 046 | _k2004 | ||
| 080 | _a311 | ||
| 080 | _a519.2 | ||
| 080 | _a(075.8) | ||
| 100 | 1 |
_aIgnatczyk, Walentyna _eAutor |
|
| 245 | 1 | 0 |
_aStatystyka : _bteoria i zastosowanie / _cWalentyna Ignatczyk, Maria Chromińska. |
| 250 | _aWyd. zm. i uzup. | ||
| 260 |
_aPoznań : _bWydawnictwo Wyższej Szkoły Bankowej, _c2004. |
||
| 300 |
_a339, [1] s. : _bwykr. ; _c24 cm. |
||
| 336 |
_aTekst _btxt _2rdacontent |
||
| 337 |
_aBez urządzenia pośredniczącego _bn _2rdamedia |
||
| 338 |
_aWolumin _bnc _2rdacarrier |
||
| 380 | _aKsiążki | ||
| 388 | _a2001- | ||
| 504 | _aBibliogr. s. [340]. | ||
| 650 | 7 |
_aStatystyka _2DBN |
|
| 655 | 7 |
_aPodręczniki akademickie _2DBN |
|
| 658 | _aMatematyka | ||
| 700 | 1 |
_aChromińska, Maria _eAutor |
|
| 856 |
_uhttp://koha.tu.koszalin.pl/cgi-bin/koha/opac-detail.pl?biblionumber=44840 _yKatalog online BPK |
||
| 942 |
_2UKD _cKS |
||
| 999 |
_c44840 _d44840 |
||